000
00276nam a2200133Ia 4500
100
_a
Asghar/Jamil M.S
942
_c
BK
654
_a
Power
245
_a
Power Electronics
260
_b
Prentice Hall
_c
2004
082
_a
621.317
_b
ASG
300
_a
492
546
_a
ENGLISH
999
_c
25008
_d
25008